Kinderserien erkennen - Statistiken

Allgemein
  • Dieses Quiz wurde 1.401 mal gespielt
  • Das Durchschnittsergebnis liegt bei 20 aus 24
Antwortstatistiken
Bildquiz Antwort % Korrekt
Die Schlümpfe
99%
Tom und Jerry
99%
Spongebob
97%
Sandmann
96%
Biene Maja
94%
Benjamin Blümchen
92%
Kim Possible
92%
Bibi Blocksberg
91%
Peppa Wutz
90%
Dragons
88%
Paw Patrol
88%
Ninjago
87%
Yakari
86%
Bugs Bunny
85%
Angelo
83%
Sesamstraße
83%
Phineas und Ferb
81%
Lucky Luke
79%
Löwenzahn
78%
Kosmo und Wanda
72%
My little Pony
65%
Die Muppets
56%
Tom & dEmBmH
48%
Die Peanuts
46%
Keine übereinstimmenden Quizze gefunden
Verteilung der Resultate
Anzahl Personen mit jedem Resultat
Perzentil nach korrekt beantworteten Fragen
Ihre Resultats-Entwicklung
Sie haben dieses Quiz noch nicht gespielt